| 000 | 01530nam a22003737a 4500 | ||
|---|---|---|---|
| 003 | CHAP | ||
| 005 | 20220329143935.0 | ||
| 008 | 121004s2012 mx r 00010 spa d | ||
| 010 | _a104019 | ||
| 011 | _a104991 | ||
| 035 | _a115682 | ||
| 040 | _cCHAP | ||
| 090 | _aTesis | ||
| 100 | 1 |
_aHernández Epigmenio, Francisca. _953974 |
|
| 245 | 1 | 0 |
_aEvaluación de trampas y atrayentes para el monitoreo de Rhagoletis pomonella walsh. en tejocote en Chapingo, México _h[En línea] _c/por Francisca Hernández Epigmenio |
| 260 |
_aChapingo, Méx. : _bEl autor, _c2012 |
||
| 500 | _aPara ver el contenido del material haga clic en la liga | ||
| 502 | _aTesis (Ing. Agrónomo Especialista en Parasitología Agrícola) -- UACH. Departamento de Parasitología Agrícola | ||
| 590 |
_aALEPH _b10 _c20130110 _lUCH01 _h1547 |
||
| 590 |
_aBATCH-UPD _b10 _c20130110 _lUCH01 _h0309 |
||
| 590 |
_aBATCH-UPD _b10 _c20130110 _lUCH01 _h0326 |
||
| 590 |
_aBATCH-UPD _b10 _c20130409 _lUCH01 _h2317 |
||
| 590 |
_aBATCH-UPD _b10 _c20130914 _lUCH01 _h0006 |
||
| 590 |
_aBATCH-UPD _b10 _c20140324 _lUCH01 _h1534 |
||
| 590 |
_aBATCH-UPD _b10 _c20141002 _lUCH01 _h0855 |
||
| 590 |
_aCONVERSION _b10 _c20130109 _lUCH01 _h1357 |
||
| 650 | 1 | 4 |
_aRhagoletis pomonella. _997113 |
| 650 | 1 | 4 |
_aTejocote _xPlagas. _9112062 |
| 856 |
_3Finding aid _uhttp://10.13.5.2/tesis/115682.pdf _zTeclea aqui |
||
| 901 | _aBK | ||
| 942 | _cFOLL | ||
| 949 |
_aTesis _bBC _cTES _d33724002349743 _eTS1 _h54111 _i115682 _st |
||
| 949 |
_aTesis _bBC _cTES _d33724002349785 _eTS2 _fc.2 _h54112 _i115682 _st |
||
| 999 |
_c104019 _d104019 |
||